000 00628nam a22001577a 4500
008 160504b xxu||||| |||| 00| 0 eng d
082 _22012
_aUT 0401
_bP91
100 _97545
_aMechelle B., Mechelle B.
245 _aThe classroom problems faced by the pre service teachers of University of Mindanao Digos College/
_cMechelle B. Premacio, Yhanilyn M. Masacote and Jeffrey G. Zamora.
260 _aDigos City:
_bUMDC
_cDecember 2012.
300 _a32 pages;
_c29 cm.
650 0 _97543
_aElementary Education
_xUndergraduate thesis.
700 _97537
_aMasacote, Yhanilyn M.
700 _97541
_aZamora, Jeffrey G.
942 _2ddc
_cUT
999 _c2303
_d2303